[Event "AUT-chT2W 1819"]
[Site "Austria"]
[Date "2019.03.10"]
[Round "11.2"]
[White "Ritzer, Franz"]
[Black "Doppelhammer, Herbert"]
[Result "1-0"]
[WhiteElo "1822"]
[BlackElo "1983"]
[PlyCount "127"]
[EventDate "2018.10.12"]
[EventType "team-tourn"]
[EventRounds "11"]
[EventCountry "AUT"]
[SourceTitle "CBM 189 Extra"]
[Source "ChessBase"]
[SourceDate "2019.05.31"]
[SourceVersion "1"]
[SourceVersionDate "2019.05.31"]
[SourceQuality "1"]
[WhiteTeam "Rochade Rum"]
[BlackTeam "Ranshofen"]
[WhiteTeamCountry "AUT"]
[BlackTeamCountry "AUT"]

1. e4 e5 2. Nf3 Nc6 3. Bb5 a6 4. Ba4 Nf6 5. 0-0 b5 6. Bb3 Bc5 7. Re1 d6 8. c3 0-0 9. h3 h6 10. d4 Bb6 11. a3 Bb7 12. Qd3 Re8 13. Nbd2 Qd7 14. Bc2 Rad8 15. b3 Qc8 16. Bb2 Ne7 17. c4 c6 18. Rad1 Ng6 19. Kh2 Re7 20. Nf1 Qb8 21. Ng3 Ree8 22. Qd2 Bc7 23. Kg1 Kh7 24. Nf5 Bc8 25. Bc1 Ng8 26. g3 f6 27. Kg2 Be6 28. d5 Bd7 29. dxc6 Bxc6 30. cxb5 axb5 31. b4 Qb7 32. Kh2 Kh8 33. Qe2 d5 34. exd5 Bxd5 35. Nd2 N8e7 36. Qh5 Nf8 37. Nxh6 gxh6 38. Qxh6+ Kg8 39. Qxf6 Qb6 40. Qg5+ Kf7 41. Kg1 Qf6 42. Qh5+ Kg8 43. Ne4 Qg6 44. Qxg6+ Nfxg6 45. Nf6+ Kg7 46. Nxe8+ Rxe8 47. Bb2 Be6 48. Kh2 Rh8 49. h4 Kf6 50. f4 Nxf4 51. Rf1 Neg6 52. Bxg6 Kxg6 53. Rxf4 exf4 54. Bxh8 fxg3+ 55. Kg2 Bc8 56. Bd4 Kh5 57. Rc1 Bb7+ 58. Kg1 Bf4 59. Rc5+ Kxh4 60. Rxb5 Bf3 61. Rf5 Kg4 62. Rf8 g2 63. a4 Kh3 64. Rxf4 1-0